000 00748nam a2200193Ia 4500
001 6645
008 260622s9999 xx 000 0 und d
245 0 _aالرافد 2: مارس 2014
260 _aالشارقة؛
_bدائرة الثقافة والإعلام؛
_c2014
300 _a48p;
_c27x17cm
520 _aمجلة شهرية ثقافية، تسَلّط الضوءَ على أبرز الفعاليات الثقافية في إمارة الشارقة، إظهاراً للدّور الحضاري للإمارة.
546 _aArabic
648 _a21st century
650 _aInformation- Media technology
_99501
650 _aPJ7501-8517 Arabic Literature
651 _aArab World
655 _aArticles مقالات
_99420
942 _cBK
999 _c6645
_d6645